Picturequiz Musicians - Statistics

General Stats
  • This quiz has been taken 587 times
    586 since last reset
  • The average score is 26 of 40
Answer Stats
Picture Hint Answer % Correct
The Most Beautiful Moment in Life Kim Tae-hyung
98%
Billie Jean Michael Jackson
96%
Sound of Silence Art Garfunkel
95%
Jailhouse Rock Elvis Presley
95%
Stan Eminem
94%
Sign of the Times Harry Styles
94%
Imagine John Lennon
94%
We Will Rock You Freddie Mercury
91%
Never Say Never Justin Bieber
91%
What a Wonderful World Louis Armstrong
91%
Wrecking Ball Miley Cyrus
91%
Single Ladies Beyoncé
90%
5th Ludwig van Beethoven
88%
Cry Me a River Justin Timberlake
87%
99 Problems Jay-Z
86%
Happy Pharrell Williams
86%
The Magic Flute Wolfgang Amadeus Mozart
85%
Buffalo Soldier Bob Marley
82%
Hope Of Deliverance Paul McCartney
82%
Summertime Aretha Franklin
78%
No Tears Left to Cry Ariana Grande
78%
Hit the Road Jack Ray Charles
71%
Treat You Better Shawn Mendes
71%
Happy Birthday Stevie Wonder
67%
The Times They Are a Changin' Bob Dylan
66%
I Feel Good James Brown
63%
Heroes David Bowie
60%
Hey Brother Avicii
59%
Shotgun George Ezra
36%
Another Love Tom Odell
33%
In the Mood Glenn Miller
28%
So What Miles Davis
26%
Dance To This Troye Sivan
25%
Boléro Maurice Ravel
24%
I Like Me Better Lauv
18%
Have It All Jason Mraz
17%
The Riddle Nik Kershaw
14%
Clandestino Manu Chao
12%
Amsterdam Jacques Brel
10%
The Girl from Ipanema Astrud Gilberto
8%
No matching quizzes found
Score Distribution
Percent of People with Each Score
Percentile by Number Answered
Your Score History
You have not taken this quiz since the last reset